[Event "CAN op"]
[Site "Hamilton CAN"]
[Date "2022.07.13"]
[Round "3.71"]
[White "Dickson, Kirk"]
[Black "Lin, Yu-Liang"]
[Result "0-1"]
[WhiteElo "1780"]
[BlackElo "1425"]
[PlyCount "104"]
[EventDate "2022.07.12"]
[EventType "swiss"]
[EventRounds "9"]
[EventCountry "CAN"]

1. d4 d5 2. e3 Nf6 3. f4 Bf5 4. Bd3 e6 5. Nf3 c5 6. c3 Nbd7 7. O-O Ne4 8. Ne5
Nxe5 9. fxe5 a6 10. Be2 Be7 11. Nd2 O-O 12. Bg4 Bg5 13. Nxe4 Bxe4 14. Bf3 Bg6
15. Be2 f6 16. exf6 Rxf6 17. Bd3 Qe7 18. Bxg6 Rxg6 19. Qe2 e5 20. Qf3 e4 21.
Qf5 Rd8 22. Bd2 Bf6 23. Rf2 Rg5 24. Qf4 h5 25. h3 Rf8 26. Raf1 Re8 27. Be1 cxd4
28. cxd4 Rc8 29. a3 Qd7 30. Kh1 Rg6 31. Bc3 Qe6 32. Qf5 Qxf5 33. Rxf5 Rg3 34.
Re1 Rg5 35. Ref1 Rg3 36. Rxh5 Rxe3 37. Rxd5 Rd3 38. Re1 Re8 39. Re2 Bh4 40. Kh2
Bg3+ 41. Kg1 Rd1+ 42. Be1 Rxe1+ 43. Rxe1 Bxe1 44. Kf1 Bh4 45. Ke2 Rd8 46. Rxd8+
Bxd8 47. Ke3 Bg5+ 48. Kxe4 Bc1 49. d5 Kf7 50. a4 Bxb2 51. Kd3 Ke7 52. Kc4 Kd6
0-1

[Event "CAN op"]
[Site "Hamilton CAN"]
[Date "2022.07.13"]
[Round "3.72"]
[White "Qian, Ashley"]
[Black "Lu, Tony"]
[Result "0-1"]
[WhiteElo "1413"]
[BlackElo "1773"]
[PlyCount "86"]
[EventDate "2022.07.12"]
[EventType "swiss"]
[EventRounds "9"]
[EventCountry "CAN"]

1. e4 e6 2. d4 d5 3. Nd2 Nf6 4. e5 Nfd7 5. Bd3 c5 6. c3 Nc6 7. Ne2 cxd4 8. cxd4
f6 9. exf6 Nxf6 10. Nf3 Bd6 11. O-O Qc7 12. Bg5 O-O 13. Rc1 Bd7 14. a3 Rac8 15.
Bb1 Be8 16. Re1 Bh5 17. Ng3 Bxf3 18. Qxf3 Ne4 19. Qe3 Nxg5 20. Qxg5 Qf7 21. Kh1
g6 22. Qg4 Rce8 23. b4 Qf4 24. Qh3 Nxd4 25. Ne2 Nxe2 26. Rcd1 Nc3 27. Rc1 Nxb1
28. Rxb1 Rf5 29. f3 Rh5 30. Qxh5 gxh5 31. g3 Qxf3+ 32. Kg1 Bc7 33. Rbc1 Bb6+
34. Rc5 Bxc5+ 35. bxc5 d4 36. Rf1 Qe3+ 37. Kg2 Rf8 38. Rxf8+ Kxf8 39. c6 bxc6
40. g4 hxg4 41. h3 Qf3+ 42. Kg1 gxh3 43. Kh2 Qg2# 0-1

[Event "CAN op"]
[Site "Hamilton CAN"]
[Date "2022.07.13"]
[Round "3.73"]
[White "Zhang, James"]
[Black "Lu, Eddie"]
[Result "0-1"]
[WhiteElo "1362"]
[BlackElo "1739"]
[PlyCount "82"]
[EventDate "2022.07.12"]
[EventType "swiss"]
[EventRounds "9"]
[EventCountry "CAN"]

1. e4 c5 2. Nf3 e6 3. d4 cxd4 4. Nxd4 a6 5. Nc3 b5 6. a3 Qc7 7. Bd3 Bb7 8. f3
Nf6 9. Qe2 d6 10. Bd2 Nc6 11. Nxc6 Bxc6 12. Bf4 e5 13. Bg3 Be7 14. Bf2 h5 15.
h4 Rc8 16. Qe3 d5 17. exd5 Bxd5 18. Nxd5 Nxd5 19. Qa7 Qxa7 20. Bxa7 Nf4 21. Bf5
Ra8 22. g3 Rxa7 23. gxf4 exf4 24. Rg1 Bxh4+ 25. Kd2 g6 26. Be4 O-O 27. Rh1 Rd8+
28. Kc3 Bf6+ 29. Kb3 Bd4 30. Rad1 Rad7 31. Rd2 Be3 32. Rg2 Kf8 33. Bxg6 fxg6
34. Rxg6 Rh7 35. Rxa6 h4 36. Rf6+ Kg7 37. Rf5 Rb8 38. Rd5 Rb7 39. Rg5+ Kf6 40.
Rd5 h3 41. Rh2 Bg1 0-1

[Event "CAN op"]
[Site "Hamilton CAN"]
[Date "2022.07.13"]
[Round "3.74"]
[White "Rajsic, Branislav"]
[Black "Gillis, Doug"]
[Result "1/2-1/2"]
[WhiteElo "1738"]
[BlackElo "1417"]
[PlyCount "74"]
[EventDate "2022.07.12"]
[EventType "swiss"]
[EventRounds "9"]
[EventCountry "CAN"]

1. e4 d6 2. d4 Nf6 3. Nc3 c6 4. Nf3 Bg4 5. Be2 e6 6. O-O Nbd7 7. h3 Bh5 8. Bf4
Qb6 9. Rb1 Bxf3 10. Bxf3 e5 11. Be3 Qc7 12. Be2 g6 13. Qd2 Bg7 14. a4 O-O 15.
b4 d5 16. dxe5 Nxe5 17. exd5 cxd5 18. Nb5 Qd7 19. Bd4 Nc6 20. Bg4 Nxg4 21. Bxg7
Kxg7 22. hxg4 Qxg4 23. Qxd5 Rad8 24. Qc5 a6 25. Nd6 Qd4 26. Nxb7 Qxc5 27. Nxc5
Nd4 28. Nxa6 Ne2+ 29. Kh2 Rd4 30. g3 Nc3 31. Ra1 Rd2 32. Nc5 Ra8 33. a5 Nd5 34.
b5 Ne3 35. Rfc1 Rxf2+ 36. Kh3 Rf5 37. g4 Rxc5 1/2-1/2

[Event "CAN op"]
[Site "Hamilton CAN"]
[Date "2022.07.13"]
[Round "3.75"]
[White "Mok, Gillian"]
[Black "Suresh, Pavan"]
[Result "1-0"]
[WhiteElo "1735"]
[BlackElo "1413"]
[PlyCount "135"]
[EventDate "2022.07.12"]
[EventType "swiss"]
[EventRounds "9"]
[EventCountry "CAN"]

1. e4 c5 2. Nf3 e6 3. d4 cxd4 4. Nxd4 a6 5. Nc3 Qc7 6. Be3 Bb4 7. Bd2 Nf6 8.
Bd3 O-O 9. O-O Bxc3 10. Bxc3 d6 11. f4 Nbd7 12. Kh1 b5 13. Qe1 Bb7 14. Nf3 d5
15. e5 Ne4 16. Ng5 Qc6 17. Bb4 Rfe8 18. Rd1 Nf8 19. Rf3 h6 20. Bxe4 dxe4 21.
Rc3 Qb6 22. Rd6 Qa7 23. Nxe4 Ng6 24. Bc5 Qb8 25. Rb6 Nxf4 26. Rg3 Ng6 27. Nd6
Re7 28. h4 Rc7 29. h5 Rxc5 30. Rxb7 Qxb7 31. Nxb7 Rxe5 32. Qc3 Rxh5+ 33. Kg1
Rd5 34. Qc6 Rd1+ 35. Kh2 Rd5 36. Nc5 Rad8 37. Nd3 R5d6 38. Qc3 Rd4 39. Kg1 Rc4
40. Qa5 Rd6 41. b3 Rxc2 42. Nb4 Rc1+ 43. Kh2 Rdd1 44. Rf3 Rh1+ 45. Kg3 h5 46.
Nd3 Rc2 47. Qd8+ Kh7 48. Rf2 Rc3 49. Qd4 h4+ 50. Kf3 Rxd3+ 51. Qxd3 h3 52. Kg3
f5 53. gxh3 Kh8 54. Kg2 Rc1 55. Qe2 Kg8 56. Qxe6+ Kh7 57. Qxf5 b4 58. Qh5+ Kg8
59. Qxg6 a5 60. Re2 Rc8 61. Qe6+ Kh7 62. Qf5+ Kh8 63. Qxc8+ Kh7 64. Qf5+ g6 65.
Re7+ Kh6 66. Qf4+ g5 67. Qf6+ Kh5 68. Rh7# 1-0

[Event "CAN op"]
[Site "Hamilton CAN"]
[Date "2022.07.13"]
[Round "3.76"]
[White "Wu, Lucian"]
[Black "Jiang, William"]
[Result "1-0"]
[WhiteElo "1726"]
[BlackElo "1380"]
[PlyCount "85"]
[EventDate "2022.07.12"]
[EventType "swiss"]
[EventRounds "9"]
[EventCountry "CAN"]

1. d4 Nf6 2. c4 g6 3. Nc3 Bg7 4. e4 d6 5. Nf3 O-O 6. Be2 e5 7. O-O Nc6 8. d5
Ne7 9. Ne1 Ne8 10. Be3 f5 11. f3 f4 12. Bf2 g5 13. Nd3 h5 14. c5 Nf6 15. Rc1
Ng6 16. cxd6 cxd6 17. Nb5 Rf7 18. Nxa7 Bd7 19. Qb3 g4 20. Bb6 Qe8 21. Rc7 g3
22. Qb4 Bf8 23. Rxb7 h4 24. h3 Nh7 25. Rc1 Ng5 26. Rcc7 Rg7 27. Ne1 Nh7 28. a3
Nf6 29. Nb5 Qe7 30. a4 Nh8 31. a5 Kh7 32. Na7 Qf7 33. Bb5 Qe8 34. Nc6 Qg6 35.
Ne7 Rxe7 36. Bxd7 Nxd7 37. Rxd7 Rae8 38. a6 Qf7 39. Qxd6 Rxd7 40. Qxd7 Re7 41.
Qc8 Kg8 42. Bc5 Rxb7 43. axb7 1-0

[Event "CAN op"]
[Site "Hamilton CAN"]
[Date "2022.07.13"]
[Round "3.77"]
[White "Belanger, Colton"]
[Black "Dhaliwal, Jatinder"]
[Result "1-0"]
[WhiteElo "1725"]
[BlackElo "1377"]
[PlyCount "65"]
[EventDate "2022.07.12"]
[EventType "swiss"]
[EventRounds "9"]
[EventCountry "CAN"]

1. e4 g6 2. d4 Bg7 3. Nc3 e6 4. Bf4 d6 5. Qd2 h5 6. O-O-O b6 7. Bb5+ Bd7 8.
Bxd7+ Qxd7 9. Nge2 f6 10. h4 Qf7 11. Kb1 a6 12. Be3 Ne7 13. f3 Nd7 14. Nc1 Rd8
15. Qe2 b5 16. a3 Nb6 17. N1a2 Nc4 18. Bc1 Nc8 19. Nb4 a5 20. Nc6 Rd7 21. Nxb5
N4b6 22. Nxa5 O-O 23. g4 hxg4 24. fxg4 c6 25. Nxc6 Rb7 26. h5 Qd7 27. Na5 Rb8
28. hxg6 Na4 29. Qh2 Rd8 30. Qh7+ Kf8 31. Bh6 Qxb5 32. Qxg7+ Ke8 33. Qf7# 1-0

[Event "CAN op"]
[Site "Hamilton CAN"]
[Date "2022.07.13"]
[Round "3.78"]
[White "Deshpande, Nevin"]
[Black "Trofimov-Malyshkin, Valentyn"]
[Result "0-1"]
[WhiteElo "1322"]
[BlackElo "1717"]
[PlyCount "76"]
[EventDate "2022.07.12"]
[EventType "swiss"]
[EventRounds "9"]
[EventCountry "CAN"]

1. c4 Nf6 2. Nc3 d5 3. cxd5 Nxd5 4. d4 g6 5. e4 Nxc3 6. bxc3 Bg7 7. Bc4 O-O 8.
Ne2 Nd7 9. O-O e6 10. Ng3 b6 11. Ba3 c5 12. Qe2 Bb7 13. Rad1 Qc7 14. e5 Rfd8
15. Rfe1 Rac8 16. Bb5 a6 17. Bd3 Bf8 18. Be4 Bxe4 19. Nxe4 b5 20. Qf3 b4 21.
Ng5 Nxe5 22. Rxe5 bxa3 23. h4 cxd4 24. cxd4 h6 25. Ne4 Rxd4 26. Rxd4 Qxe5 27.
Rd1 Be7 28. g3 f5 29. Nd2 Rd8 30. Qb7 Qd6 31. Qb3 Rd7 32. Qe3 Kg7 33. Qc3+ Bf6
34. Qc8 e5 35. h5 gxh5 36. Qe8 Bg5 37. f4 exf4 38. Qxh5 fxg3 0-1

[Event "CAN op"]
[Site "Hamilton CAN"]
[Date "2022.07.13"]
[Round "3.79"]
[White "Garel, Rick"]
[Black "Mourgelas, James"]
[Result "1/2-1/2"]
[WhiteElo "1688"]
[BlackElo "1346"]
[PlyCount "47"]
[EventDate "2022.07.12"]
[EventType "swiss"]
[EventRounds "9"]
[EventCountry "CAN"]

1. e4 g6 2. d4 Bg7 3. Nf3 d6 4. Bc4 e6 5. Bb3 b6 6. O-O Ne7 7. Be3 Bb7 8. Nbd2
O-O 9. c3 Nd7 10. Re1 Rc8 11. Bg5 h6 12. Bh4 Qe8 13. a4 a5 14. Bg3 d5 15. exd5
exd5 16. Ne5 Nxe5 17. Bxe5 Bxe5 18. Rxe5 Qd7 19. Qe2 Nf5 20. Re1 Ng7 21. Qe3
Kh7 22. Re7 Qd6 23. Qh3 Rce8 24. Rxe8 1/2-1/2

[Event "CAN op"]
[Site "Hamilton CAN"]
[Date "2022.07.13"]
[Round "3.80"]
[White "Narula, Japveer"]
[Black "Chhatralia, Bhavik"]
[Result "0-1"]
[WhiteElo "1326"]
[BlackElo "1683"]
[PlyCount "36"]
[EventDate "2022.07.12"]
[EventType "swiss"]
[EventRounds "9"]
[EventCountry "CAN"]

1. e4 e5 2. Nf3 Nf6 3. Nxe5 Nc6 4. Nxc6 dxc6 5. d3 Bc5 6. c3 Nxe4 7. d4 Bb6 8.
Qf3 O-O 9. Bd3 Nf6 10. O-O c5 11. dxc5 Bxc5 12. Bg5 h6 13. Bh4 g5 14. Bg3 Bg4
15. Qxb7 Qxd3 16. Qxc7 Rad8 17. Qxc5 Qxf1+ 18. Kxf1 Rd1# 0-1

[Event "CAN op"]
[Site "Hamilton CAN"]
[Date "2022.07.13"]
[Round "3.81"]
[White "Zhang, Raymond Tangning"]
[Black "Bruneau, Gilles"]
[Result "1-0"]
[WhiteElo "1682"]
[BlackElo "1290"]
[PlyCount "51"]
[EventDate "2022.07.12"]
[EventType "swiss"]
[EventRounds "9"]
[EventCountry "CAN"]

1. d4 Nf6 2. Nf3 g6 3. c4 d6 4. Nc3 Bg7 5. e4 Bg4 6. Be2 O-O 7. O-O Bxf3 8.
Bxf3 e5 9. d5 Nbd7 10. a3 a5 11. Be3 b6 12. Qc2 Nc5 13. b4 axb4 14. axb4 Nb7
15. Ra4 Qd7 16. Rfa1 Rxa4 17. Rxa4 Rb8 18. Ra7 Qc8 19. Qa2 Ne8 20. Qa6 Nf6 21.
h3 Nd8 22. Qxc8 Rxc8 23. Nb5 Ne8 24. Bg4 f5 25. exf5 c6 26. fxg6 1-0

[Event "CAN op"]
[Site "Hamilton CAN"]
[Date "2022.07.13"]
[Round "3.82"]
[White "Chen, Sam"]
[Black "Eiserloh, Clement"]
[Result "0-1"]
[WhiteElo "1299"]
[BlackElo "1678"]
[PlyCount "46"]
[EventDate "2022.07.12"]
[EventType "swiss"]
[EventRounds "9"]
[EventCountry "CAN"]

1. e4 c5 2. Nf3 Nc6 3. d4 cxd4 4. Nxd4 e5 5. Nf3 Nf6 6. Nc3 Bb4 7. Bd2 O-O 8.
Bc4 d6 9. O-O Bxc3 10. Bxc3 Nxe4 11. Qd3 Nxc3 12. bxc3 Be6 13. Bxe6 fxe6 14.
Rad1 d5 15. Qe3 Qf6 16. Rfe1 e4 17. Nd4 Rac8 18. f3 Nxd4 19. Rxd4 Rc6 20. fxe4
Rxc3 21. Qxc3 Qf2+ 22. Kh1 Qf1+ 23. Rxf1 Rxf1# 0-1

[Event "CAN op"]
[Site "Hamilton CAN"]
[Date "2022.07.13"]
[Round "3.83"]
[White "Zhu, Charis"]
[Black "Dennahower, Michael"]
[Result "1-0"]
[WhiteElo "1640"]
[BlackElo "1281"]
[PlyCount "79"]
[EventDate "2022.07.12"]
[EventType "swiss"]
[EventRounds "9"]
[EventCountry "CAN"]

1. d4 Nf6 2. Bf4 d5 3. Nf3 e6 4. e3 Be7 5. c3 O-O 6. Bd3 Nbd7 7. Nbd2 c5 8. Ne5
cxd4 9. cxd4 Nxe5 10. Bxe5 Bd7 11. O-O Rc8 12. Rc1 Qb6 13. Qb3 Qxb3 14. Nxb3
Rxc1 15. Rxc1 Rc8 16. Rxc8+ Bxc8 17. Bb8 a6 18. a4 Nd7 19. Bc7 Kf8 20. a5 Ke8
21. Kf1 Bd8 22. Bxd8 Kxd8 23. Nc5 Nb8 24. Ke1 Nc6 25. Nb3 Kc7 26. Kd2 Bd7 27.
Bxh7 g6 28. h4 Be8 29. g4 Kd8 30. h5 Ke7 31. h6 Kf8 32. g5 Ne7 33. Nc5 Bc6 34.
Ke2 Bb5+ 35. Kf3 Bc6 36. Kf4 Nf5 37. Ke5 Nh4 38. Kf6 Nf3 39. Bxg6 fxg6 40. h7
1-0

[Event "CAN op"]
[Site "Hamilton CAN"]
[Date "2022.07.13"]
[Round "3.84"]
[White "Lu, Aiden"]
[Black "Maheux, Pierre"]
[Result "0-1"]
[WhiteElo "1291"]
[BlackElo "1624"]
[PlyCount "102"]
[EventDate "2022.07.12"]
[EventType "swiss"]
[EventRounds "9"]
[EventCountry "CAN"]

1. e4 c5 2. Nf3 Nc6 3. d4 cxd4 4. Nxd4 e5 5. Nxc6 bxc6 6. Bc4 Bb4+ 7. Bd2 a5 8.
Bxb4 axb4 9. c3 Qe7 10. Qb3 bxc3 11. Nxc3 Nf6 12. Rd1 O-O 13. h3 d6 14. O-O Be6
15. Bxe6 fxe6 16. Rfe1 Rfd8 17. Rd2 d5 18. exd5 exd5 19. a3 Kh8 20. Rde2 e4 21.
Kh1 Qd6 22. f3 exf3 23. gxf3 Qg3 24. Nd1 Qxh3+ 25. Rh2 Qf5 26. Qc3 Re8 27. Rg1
Re5 28. Nf2 Rae8 29. Ng4 Nxg4 30. Rxg4 Re1+ 31. Rg1 Rxg1+ 32. Kxg1 Re6 33. Kf2
Qe5 34. Qxe5 Rxe5 35. a4 Kg8 36. a5 d4 37. b4 Rb5 38. Rh1 Rxb4 39. Ra1 Rb8 40.
a6 Kf7 41. a7 Ra8 42. Ke2 Ke6 43. Kd3 Kd5 44. Rh1 h6 45. Rh5+ Kd6 46. Ra5 Kc7
47. Kxd4 Kb6 48. Re5 Rxa7 49. Kc4 Ra4+ 50. Kb3 Rf4 51. Re3 h5 0-1

[Event "CAN op"]
[Site "Hamilton CAN"]
[Date "2022.07.13"]
[Round "3.85"]
[White "Ali, Shafkat"]
[Black "Hartman, Liam"]
[Result "0-1"]
[WhiteElo "1619"]
[BlackElo "1268"]
[PlyCount "89"]
[EventDate "2022.07.12"]
[EventType "swiss"]
[EventRounds "9"]
[EventCountry "CAN"]

1. e4 c6 2. d4 d5 3. e5 c5 4. dxc5 Nc6 5. Nf3 Bg4 6. Be2 e6 7. Nc3 Bxc5 8. Bf4
Nge7 9. h3 Bxf3 10. Bxf3 Ng6 11. Bg3 Ngxe5 12. Be2 O-O 13. O-O Qg5 14. Kh1 Ng6
15. a4 Nce7 16. a5 Nf5 17. Bh2 Nf4 18. Bxf4 Qxf4 19. Ra4 d4 20. Bg4 Bd6 21. g3
Nxg3+ 22. fxg3 Qxg3 23. Qe2 dxc3 24. bxc3 Rac8 25. Rf3 Qe5 26. Re4 Qxa5 27. Rd4
Be5 28. Rd7 Rc7 29. Rfxf7 Rxd7 30. Rxd7 Qxc3 31. Bxe6+ Kh8 32. Rd3 Qc6+ 33. Bd5
Qc7 34. Re3 Re8 35. c4 a6 36. Qh5 g6 37. Qe2 a5 38. h4 h5 39. Qg2 Kg7 40. Qe2
a4 41. Qg2 Qe7 42. Be4 Qxh4+ 43. Kg1 Qg4 44. Qxg4 hxg4 45. Rd3 0-1

[Event "CAN op"]
[Site "Hamilton CAN"]
[Date "2022.07.13"]
[Round "3.86"]
[White "Russell, Wesley"]
[Black "Frangakis, Evan"]
[Result "1/2-1/2"]
[WhiteElo "1287"]
[BlackElo "1589"]
[PlyCount "87"]
[EventDate "2022.07.12"]
[EventType "swiss"]
[EventRounds "9"]
[EventCountry "CAN"]

1. e4 c6 2. d4 d5 3. Nc3 dxe4 4. Nxe4 Bf5 5. Ng3 Bg6 6. Nh3 Nf6 7. Nf4 e6 8.
Bc4 Nd5 9. Nxg6 hxg6 10. c3 Bd6 11. Ne4 Qc7 12. Nxd6+ Qxd6 13. h3 Nd7 14. Qf3
O-O-O 15. Bd2 N7f6 16. O-O-O Qc7 17. Rhe1 Rh5 18. Bb3 Rf5 19. Qe2 Nf4 20. Qf1
Rh5 21. Bxf4 Qxf4+ 22. Kb1 Rf5 23. Bc2 Rg5 24. Re3 Qc7 25. g3 Rgd5 26. Rde1 c5
27. dxc5 Qxc5 28. Qg2 Qc6 29. Qf1 Qd6 30. Kc1 Rd2 31. R3e2 Qd5 32. Rxd2 Qxd2+
33. Kb1 Qd5 34. Rd1 Qe5 35. Qc4+ Qc7 36. Qxc7+ Kxc7 37. Rxd8 Kxd8 38. Kc1 Kc7
39. Kd2 Kd6 40. Kd3 Nd7 41. Ke3 Ne5 42. b3 g5 43. Be4 b6 44. Kd4 1/2-1/2

[Event "CAN op"]
[Site "Hamilton CAN"]
[Date "2022.07.13"]
[Round "3.87"]
[White "Gao, Justin"]
[Black "Holmgren, Emilian"]
[Result "0-1"]
[WhiteElo "1587"]
[BlackElo "1226"]
[PlyCount "136"]
[EventDate "2022.07.12"]
[EventType "swiss"]
[EventRounds "9"]
[EventCountry "CAN"]

1. e4 e5 2. Nf3 Nc6 3. Bc4 Nf6 4. d3 Bb4+ 5. c3 Bc5 6. O-O d6 7. Be3 Bxe3 8.
fxe3 Bg4 9. h3 Bh5 10. Nbd2 a6 11. Qe1 Qd7 12. Nh4 O-O-O 13. a4 d5 14. exd5
Nxd5 15. Bxd5 Qxd5 16. d4 Bg6 17. c4 Qd7 18. d5 Nb4 19. Qg3 c6 20. e4 Nc2 21.
Rab1 Rde8 22. Nxg6 hxg6 23. Nf3 cxd5 24. cxd5 Qxa4 25. Ng5 Nd4 26. Qg4+ f5 27.
exf5 Rh4 28. Qd1 Qxd1 29. Rbxd1 gxf5 30. Nf7 Kd7 31. Kh2 Rh5 32. Nxe5+ Rxe5 33.
Rxd4 Kd6 34. Rb4 b5 35. Ra1 Kc5 36. Rb3 Rg5 37. Rc3+ Kxd5 38. Rd1+ Ke6 39. Rd2
a5 40. Rc7 Rd5 41. Rc6+ Kd7 42. Rdc2 f4 43. Rc7+ Ke6 44. Ra7 a4 45. Rcc7 Rd2
46. Ra6+ Ke5 47. Re7+ Kf5 48. Rf7+ Ke4 49. Re6+ Re5 50. Ra6 g5 51. Rc6 Rxb2 52.
Rc1 Ke3 53. Re1+ Re2 54. Rb1 a3 55. Rb3+ Kf2 56. Rxa3 R2e3 57. Ra2+ Re2 58. Ra3
Rb2 59. Rd7 Re3 60. Ra1 f3 61. g4 Ke2 62. Kg3 b4 63. Rdd1 f2+ 64. Kg2 b3 65.
Rf1 Rf3 66. Rac1 Rc2 67. Rcd1 Rcc3 68. Rh1 Rg3+ 0-1

[Event "CAN op"]
[Site "Hamilton CAN"]
[Date "2022.07.13"]
[Round "3.88"]
[White "Basi, Karandeep"]
[Black "Benggawan, Undriadi"]
[Result "0-1"]
[WhiteElo "1280"]
[BlackElo "1584"]
[PlyCount "105"]
[EventDate "2022.07.12"]
[EventType "swiss"]
[EventRounds "9"]
[EventCountry "CAN"]

1. c4 g6 2. g3 Bg7 3. Bg2 c6 4. d4 d5 5. cxd5 cxd5 6. Nc3 Nf6 7. Nf3 O-O 8. O-O
Bd7 9. Qb3 Bc6 10. Ne5 e6 11. Be3 Nbd7 12. Nxc6 bxc6 13. h3 e5 14. dxe5 Nxe5
15. Qc2 Nc4 16. Bc5 Re8 17. b3 Nd6 18. Rac1 Qd7 19. e3 Rac8 20. Ne2 Nde4 21.
Nf4 Nxc5 22. Qxc5 Ne4 23. Bxe4 dxe4 24. Rfd1 Qb7 25. Rd2 Qb6 26. Rdc2 Qa6 27.
Qc4 Qb7 28. Rd1 Qe7 29. Rcd2 Rc7 30. Rc2 Rec8 31. Rcd2 h5 32. Ne2 Kh7 33. Nc3
f5 34. Na4 h4 35. Nc5 hxg3 36. fxg3 Qe5 37. Kg2 Bh6 38. Kf2 Re7 39. Nd7 Bxe3+
40. Kxe3 Qxg3+ 41. Ke2 e3 42. Nf6+ Kh6 43. Rd4 Qf2+ 44. Kd3 g5 45. Ng4+ fxg4
46. Rd6+ Kh7 47. Qxg4 e2 48. Qh5+ Kg8 49. Qxg5+ Rg7 50. Rd8+ Rxd8+ 51. Qxd8+
Kh7 52. Rd2 Qf3+ 53. Kc4 0-1

[Event "CAN op"]
[Site "Hamilton CAN"]
[Date "2022.07.13"]
[Round "3.89"]
[White "Buchatsky, Joseph"]
[Black "Moses, Neil"]
[Result "0-1"]
[WhiteElo "1256"]
[BlackElo "1578"]
[PlyCount "53"]
[EventDate "2022.07.12"]
[EventType "swiss"]
[EventRounds "9"]
[EventCountry "CAN"]

1. e4 e5 2. Nf3 Nc6 3. Nc3 Bc5 4. Nxe5 Bxf2+ 5. Kxf2 Nxe5 6. d4 Ng6 7. Bc4 d6
8. Rf1 Nf6 9. Kg1 h6 10. Qd3 O-O 11. e5 dxe5 12. Qxg6 Qxd4+ 13. Be3 Qxc4 14.
Qg3 Ng4 15. Bc1 Qd4+ 16. Kh1 f5 17. h3 f4 18. Qh4 Nf6 19. Ne2 Qc5 20. Nc3 Bf5
21. Qf2 Qxf2 22. Rxf2 Rad8 23. b4 g5 24. Ba3 e4 25. Nb5 e3 26. Re2 Ne4 27. Nxa7
0-1

[Event "CAN op"]
[Site "Hamilton CAN"]
[Date "2022.07.13"]
[Round "3.90"]
[White "Liu, Sean"]
[Black "Xu, Ryan"]
[Result "1/2-1/2"]
[WhiteElo "1208"]
[BlackElo "1565"]
[PlyCount "47"]
[EventDate "2022.07.12"]
[EventType "swiss"]
[EventRounds "9"]
[EventCountry "CAN"]

1. e4 c5 2. Nf3 d6 3. Bb5+ Bd7 4. Bxd7+ Nxd7 5. c3 Ngf6 6. d3 e6 7. h3 Be7 8.
Be3 O-O 9. O-O Qc7 10. Nbd2 d5 11. exd5 Nxd5 12. d4 N7f6 13. Bg5 cxd4 14. Nxd4
h6 15. Bh4 Bc5 16. N4b3 Bb6 17. c4 Nf4 18. Bxf6 gxf6 19. Ne4 Qe5 20. Qf3 Kh7
21. Ng3 Rg8 22. Kh1 Qg5 23. Qxb7 Bxf2 24. Rxf2 1/2-1/2

[Event "CAN op"]
[Site "Hamilton CAN"]
[Date "2022.07.13"]
[Round "3.91"]
[White "Helwig, Frank"]
[Black "Yang, Nathan"]
[Result "1-0"]
[WhiteElo "1559"]
[BlackElo "1169"]
[PlyCount "54"]
[EventDate "2022.07.12"]
[EventType "swiss"]
[EventRounds "9"]
[EventCountry "CAN"]

1. d4 d5 2. c4 c6 3. Nf3 Nf6 4. e3 Bf5 5. Nc3 e6 6. Bd3 Bg6 7. O-O dxc4 8. Bxc4
b5 9. Be2 Bd6 10. Ne5 Nd5 11. f4 Nxc3 12. bxc3 Bxe5 13. fxe5 Be4 14. Bf3 Bxf3
15. Qxf3 Qd7 16. Ba3 Na6 17. Bd6 f6 18. exf6 O-O-O 19. fxg7 Rhg8 20. Be5 Nc7
21. Qf7 Qxf7 22. Rxf7 Nd5 23. e4 Nxc3 24. Rc7+ Kb8 25. Rxc6+ Ka8 26. Rxc3 b4
27. Rc7 b3 1-0

[Event "CAN op"]
[Site "Hamilton CAN"]
[Date "2022.07.13"]
[Round "3.92"]
[White "Sun, Michael"]
[Black "Nicholson, Devin"]
[Result "0-1"]
[WhiteElo "1043"]
[BlackElo "1545"]
[PlyCount "48"]
[EventDate "2022.07.12"]
[EventType "swiss"]
[EventRounds "9"]
[EventCountry "CAN"]

1. d4 Nf6 2. Bf4 d5 3. e3 c5 4. c3 Nc6 5. Nf3 Qb6 6. Qb3 c4 7. Qxb6 axb6 8. Na3
Ra5 9. h3 e5 10. Nxe5 Bxa3 11. bxa3 Rxa3 12. Nxc6 bxc6 13. Be2 Ne4 14. Bf3 Nxc3
15. O-O Bf5 16. Rfc1 Kd7 17. Bg4 Bxg4 18. hxg4 Rha8 19. Rc2 Nxa2 20. e4 Nb4 21.
Rxa3 Rxa3 22. Re2 Nd3 23. Re3 Ra1+ 24. Kh2 Nxf4 0-1

[Event "CAN op"]
[Site "Hamilton CAN"]
[Date "2022.07.13"]
[Round "3.93"]
[White "Qian, Jessica"]
[Black "Fakoorziba, Payam"]
[Result "1-0"]
[WhiteElo "1532"]
[BlackElo "1003"]
[PlyCount "51"]
[EventDate "2022.07.12"]
[EventType "swiss"]
[EventRounds "9"]
[EventCountry "CAN"]

1. e4 e5 2. Nf3 Nc6 3. Bc4 Nf6 4. Ng5 d5 5. exd5 Nd4 6. c3 b5 7. Bb3 Nxb3 8.
Qxb3 Qxd5 9. Qxd5 Nxd5 10. d4 exd4 11. cxd4 h6 12. Nf3 Be6 13. Nc3 b4 14. Ne4
O-O-O 15. O-O g5 16. Be3 Bg7 17. Nc5 Rhe8 18. a3 bxa3 19. Rxa3 Kb8 20. Rfa1 Bf8
21. Rxa7 Bxc5 22. dxc5 Nxe3 23. fxe3 Bd5 24. R7a3 Re4 25. Nd4 Rg4 26. c6 1-0

[Event "CAN op"]
[Site "Hamilton CAN"]
[Date "2022.07.13"]
[Round "3.94"]
[White "Sun, Jonathan"]
[Black "Cloete, Jack"]
[Result "0-1"]
[WhiteElo "873"]
[BlackElo "1525"]
[PlyCount "142"]
[EventDate "2022.07.12"]
[EventType "swiss"]
[EventRounds "9"]
[EventCountry "CAN"]

1. d4 d5 2. c4 Nf6 3. Nf3 c6 4. Bg5 Bg4 5. h3 Bh5 6. g4 Bg6 7. Nc3 h6 8. Bf4 e6
9. e3 Be7 10. Ne5 Bh7 11. a3 Nbd7 12. h4 Ne4 13. Nxd7 Qxd7 14. Nxe4 Bxe4 15. f3
Bg6 16. Bd3 Bxd3 17. Qxd3 Qd8 18. h5 Qa5+ 19. Ke2 Kd7 20. b4 Qa4 21. c5 b5 22.
Qd1 Qxd1+ 23. Rhxd1 a5 24. e4 Ra7 25. e5 Rha8 26. Bd2 axb4 27. Bxb4 Bg5 28. Kd3
f6 29. Re1 Rf8 30. exf6 Rxf6 31. Rf1 Ra8 32. Bd2 Bh4 33. Ke2 Ra4 34. Ke3 Rf7
35. Bb4 Bg5+ 36. Kd3 Ra8 37. Rf2 Bf4 38. Ke2 e5 39. Kd3 Re7 40. Re1 Rae8 41.
Rfe2 Bg3 42. Rg1 Bf4 43. Rge1 exd4 44. Rxe7+ Rxe7 45. Rxe7+ Kxe7 46. Kxd4 Kf6
47. Bc3 Be5+ 48. Kd3 Bxc3 49. Kxc3 Ke5 50. Kd3 Kf4 51. Ke2 d4 52. Kd3 Ke5 53.
Ke2 Kd5 54. f4 Kxc5 55. g5 Kd5 56. gxh6 gxh6 57. Kf3 c5 58. f5 Ke5 59. f6 Kxf6
60. Ke4 Ke6 61. Kd3 Ke5 62. Kc2 Ke4 63. Kd2 d3 64. Kd1 Ke3 65. a4 bxa4 66. Kc1
Ke2 67. Kb2 d2 68. Ka3 d1=Q 69. Kb2 Kd2 70. Ka2 Kc3 71. Ka3 Qb3# 0-1

[Event "CAN op"]
[Site "Hamilton CAN"]
[Date "2022.07.13"]
[Round "3.97"]
[White "Perez, Gilbert"]
[Black "Mutyalapati, Modith Aaroh"]
[Result "1-0"]
[WhiteElo "1928"]
[BlackElo "1688"]
[PlyCount "107"]
[EventDate "2022.07.12"]
[EventType "swiss"]
[EventRounds "9"]
[EventCountry "CAN"]

1. e4 c5 2. Nc3 a6 3. f4 b5 4. d3 Bb7 5. Nf3 e6 6. g3 d5 7. e5 d4 8. Ne4 Bxe4
9. dxe4 Ne7 10. Bg2 Nbc6 11. a3 g6 12. O-O Bg7 13. Nh4 d3 14. cxd3 Qd4+ 15. Kh1
O-O-O 16. Qc2 c4 17. dxc4 Qxc4 18. Qxc4 bxc4 19. Be3 Rd3 20. Bc5 c3 21. bxc3
Rxc3 22. Rfc1 Rxc1+ 23. Rxc1 Kd7 24. Rd1+ Ke8 25. Nf3 f6 26. exf6 Bxf6 27. e5
Bg7 28. Ng5 Nd8 29. Bb6 Nec6 30. Nxe6 Nxe6 31. Bxc6+ Kf7 32. Rd7+ Kf8 33. Ba5
Kg8 34. Bd5 h6 35. Bxe6+ Kh7 36. Rd8 Rxd8 37. Bxd8 Bf8 38. a4 a5 39. Bxa5 Bc5
40. Bc3 Ba7 41. a5 g5 42. f5 h5 43. Kg2 g4 44. Bd5 Bc5 45. a6 Kg7 46. e6+ Kf8
47. f6 Ke8 48. e7 Bxe7 49. fxe7 Kxe7 50. a7 Kd8 51. a8=Q+ Ke7 52. Qc6 h4 53.
Qe6+ Kf8 54. Qf7# 1-0

[Event "CAN op"]
[Site "Hamilton CAN"]
[Date "2022.07.13"]
[Round "3.103"]
[White "Chepelev, Ivan"]
[Black "Stajov, George"]
[Result "1/2-1/2"]
[WhiteElo "1377"]
[BlackElo "1345"]
[PlyCount "60"]
[EventDate "2022.07.12"]
[EventType "swiss"]
[EventRounds "9"]
[EventCountry "CAN"]

1. Nf3 d5 2. c4 dxc4 3. e3 Nf6 4. Bxc4 Nc6 5. Nc3 e6 6. d4 Be7 7. O-O O-O 8. a3
a6 9. Bd3 Re8 10. Qc2 g6 11. Bd2 Bf8 12. Rac1 e5 13. dxe5 Nxe5 14. Nxe5 Rxe5
15. Rfd1 b5 16. f4 Re8 17. Ne2 c5 18. Ng3 Bg4 19. Re1 c4 20. Be2 Bc8 21. Bf3
Ra7 22. e4 Bc5+ 23. Kh1 Bg4 24. e5 Bxf3 25. gxf3 Nh5 26. Nxh5 gxh5 27. Qf5 Qxd2
28. Qg5+ Kf8 29. Qh6+ Ke7 30. Qf6+ Kf8 1/2-1/2